[Event "Women's Speed Chess Q4"]
[Site "chess.com INT"]
[Date "2020.06.21"]
[Round "7"]
[White "Dordzhieva, Dinara"]
[Black "Xu, Yuanyuan"]
[Result "1-0"]
[WhiteTitle "WIM"]
[BlackTitle "WGM"]
[WhiteElo "2354"]
[BlackElo "2317"]
[WhiteFideId "24157570"]
[BlackFideId "8601089"]
[EventDate "2020.06.21"]

1. d4 d5 2. c4 c6 3. Nf3 Nf6 4. g3 Bf5 5. Nc3 dxc4 6. Ne5 Nbd7 7. Nxc4 e6 8. Bg2
Bb4 9. O-O O-O 10. e4 Bxc3 11. exf5 Bb4 12. fxe6 fxe6 13. Qe2 Re8 14. a3 Bf8 15.
Bh3 Kh8 16. Re1 b5 17. Ne5 Nxe5 18. Qxe5 Qd5 19. Bxe6 Qf3 20. Qf4 Qh5 21. Bd2
Rxe6 22. Rxe6 Ng4 23. h4 c5 24. Re4 Nf6 25. Re5 Qg6 26. dxc5 Rd8 27. Bc3 Ng4 28.
Rg5 Qc2 29. Rxg4 Rd1+ 30. Rxd1 Qxd1+ 31. Kh2 Qd8 32. Qf7 Qe7 33. Qxe7 Bxe7 34.
Rxg7 Bxc5 35. Rg6+ Bd4 36. Bxd4# 1-0

[Event "Women's Speed Chess Q4"]
[Site "chess.com INT"]
[Date "2020.06.21"]
[Round "7"]
[White "Gokbulut, Julia"]
[Black "Muminova, Nafisa"]
[Result "1/2-1/2"]
[WhiteTitle "WFM"]
[BlackTitle "WGM"]
[WhiteElo "1970"]
[BlackElo "2274"]
[WhiteFideId "4153979"]
[BlackFideId "14201526"]
[EventDate "2020.06.21"]

1. d4 Nf6 2. c4 e6 3. Nc3 c5 4. d5 exd5 5. cxd5 d6 6. e4 g6 7. f4 Bg7 8. Bb5+
Nfd7 9. Be2 O-O 10. Nf3 a6 11. a4 Re8 12. O-O Bxc3 13. bxc3 Rxe4 14. Bd3 Re8 15.
f5 Ne5 16. Nxe5 Rxe5 17. fxg6 hxg6 18. c4 Qh4 19. Bb2 Rh5 20. h3 Bxh3 21. Bf6
Qg3 22. Qf3 Qxf3 23. Rxf3 Bg4 24. Rf4 Nd7 25. Bc3 f5 26. Re1 Kf7 27. Re6 Ne5 28.
Bxe5 dxe5 29. Rxe5 Re8 30. Rxe8 Kxe8 31. Rf1 Rh7 32. Kf2 Kd7 33. Kg3 Kd6 34. Kf4
b5 35. axb5 axb5 36. Ra1 bxc4 37. Bxc4 Rb7 38. Ra6+ Kd7 39. Ke5 Rb4 40. Ra7+ Ke8
41. Ra8+ Kd7 42. Ra7+ Ke8 43. Ra8+ Kd7 44. Ra7+ 1/2-1/2

[Event "Women's Speed Chess Q4"]
[Site "chess.com INT"]
[Date "2020.06.21"]
[Round "7"]
[White "Shvedova, Alexandra"]
[Black "Hernandez Bonilla, Amelia"]
[Result "1-0"]
[WhiteTitle "WFM"]
[BlackTitle "WFM"]
[WhiteElo "1994"]
[BlackElo "2016"]
[WhiteFideId "54154782"]
[BlackFideId "3900193"]
[EventDate "2020.06.21"]

1. e4 c5 2. Nf3 d6 3. d4 cxd4 4. Nxd4 Nf6 5. Nc3 Nc6 6. Bg5 e6 7. Qd2 Be7 8.
O-O-O a6 9. f4 Qc7 10. Rg1 Nxd4 11. Qxd4 Qc5 12. Qd2 Bd7 13. Be2 O-O 14. g4 h6
15. Bxf6 Bxf6 16. e5 Be7 17. exd6 Bh4 18. g5 hxg5 19. fxg5 Bc6 20. Kb1 b5 21. g6
fxg6 22. Bg4 Rf6 23. Qe2 e5 24. Ne4 Bxe4 25. Qxe4 Rd8 26. d7 Bf2 27. Rgf1 Rf4
28. Qxg6 Rf6 29. Qd3 Qc4 30. Qh3 e4 31. Rxf2 1-0

[Event "Women's Speed Chess Q4"]
[Site "chess.com INT"]
[Date "2020.06.21"]
[Round "7"]
[White "Mohota, Nisha"]
[Black "Narva, Regina"]
[Result "1-0"]
[WhiteTitle "IM"]
[BlackTitle "WFM"]
[WhiteElo "2195"]
[BlackElo "1905"]
[WhiteFideId "5004330"]
[BlackFideId "4500237"]
[EventDate "2020.06.21"]

1. d4 Nf6 2. c4 g6 3. Nc3 Bg7 4. e4 d6 5. Bd3 b6 6. Nf3 a6 7. O-O c5 8. e5 dxe5
9. dxe5 Ng4 10. Bf4 Nc6 11. Be4 Bb7 12. h3 Nh6 13. Qc1 Nf5 14. Bxf5 gxf5 15. Rd1
Nd4 16. Nxd4 cxd4 17. Ne2 d3 18. Ng3 e6 19. Qe3 Qc7 20. Qxd3 O-O 21. Nh5 Bxe5
22. Qg3+ Kh8 23. Bxe5+ Qxe5 24. Qxe5+ f6 25. Qc7 Rg8 26. Qxb7 Rab8 27. Qf7 Rbf8
28. Qxe6 Rg6 29. Rd7 Rfg8 30. Nf4 Rh6 31. Rad1 Rf8 32. Rd8 Kg7 33. R1d7+ 1-0

[Event "Women's Speed Chess Q4"]
[Site "chess.com INT"]
[Date "2020.06.21"]
[Round "7"]
[White "Meenakshi, Subbaraman"]
[Black "Vidruska, Renate"]
[Result "1-0"]
[WhiteTitle "WGM"]
[BlackTitle "WFM"]
[WhiteElo "2171"]
[BlackElo "2045"]
[WhiteFideId "5004381"]
[BlackFideId "11601841"]
[EventDate "2020.06.21"]

1. d4 Nf6 2. c4 e6 3. Nf3 b6 4. Nc3 Bb4 5. Qc2 c5 6. Bd2 cxd4 7. Nxd4 Bb7 8. e3
O-O 9. O-O-O d5 10. cxd5 Nxd5 11. Nxd5 Bxd2+ 12. Rxd2 Qxd5 13. Kb1 Rc8 14. Qd1
Nc6 15. Nb5 Qg5 16. Nd6 Rc7 17. Be2 Rf8 18. f4 Qg6+ 19. Bd3 Qf6 20. Nxb7 Rxb7
21. Be4 Rc7 22. Qc2 Rfc8 23. Rc1 e5 24. Bxc6 Rxc6 25. Qxc6 Rxc6 26. Rxc6 Qf5+
27. Ka1 h5 28. g3 exf4 29. exf4 g6 30. a3 Qe4 31. Rdc2 Qe1+ 32. Ka2 Kg7 33. Rc7
Qe6+ 34. b3 1-0

[Event "Women's Speed Chess Q4"]
[Site "chess.com INT"]
[Date "2020.06.21"]
[Round "7"]
[White "Berend, Elvira"]
[Black "Eswaran, Ashritha"]
[Result "0-1"]
[WhiteTitle "WGM"]
[BlackTitle "WIM"]
[WhiteElo "2326"]
[BlackElo "2244"]
[WhiteFideId "4000510"]
[BlackFideId "2080788"]
[EventDate "2020.06.21"]

1. d4 Nf6 2. Nf3 e6 3. g3 c5 4. c3 cxd4 5. cxd4 d5 6. Bg2 Bd6 7. Nc3 O-O 8. O-O
Nc6 9. Bg5 h6 10. Bxf6 Qxf6 11. e4 dxe4 12. Nxe4 Qd8 13. d5 exd5 14. Qxd5 Bc7
15. Qh5 Be6 16. Rad1 Qe7 17. b3 f5 18. Nc3 Rad8 19. Nh4 Qg5 20. Qg6 Qxg6 21.
Nxg6 Rf6 22. Nf4 Bxf4 23. gxf4 Rxd1 24. Rxd1 Bc8 25. Nd5 Re6 26. b4 Kf7 27. b5
Ne7 28. Ne3 Rb6 29. a4 Be6 30. Rd8 a6 31. Bf1 axb5 32. axb5 Bb3 33. Rd7 Rg6+ 34.
Kh1 Ke8 35. Rxb7 Nd5 36. Bg2 Nxf4 37. Bc6+ Kf8 38. Nxf5 Ne2 39. Rb8+ Kf7 40. Ng3
Rxc6 41. Rb7+ Kg8 42. Nxe2 Bd5+ 43. f3 Bxf3+ 44. Kg1 Rg6+ 45. Kf2 Bxb7 46. Nf4
Rf6 47. Ke3 Rb6 0-1

[Event "Women's Speed Chess Q4"]
[Site "chess.com INT"]
[Date "2020.06.21"]
[Round "7"]
[White "Tarini, Goyal"]
[Black "Dwilewicz, Katarzyna"]
[Result "1-0"]
[WhiteTitle "WFM"]
[BlackTitle "WFM"]
[WhiteElo "2164"]
[BlackElo "2120"]
[WhiteFideId "5082749"]
[BlackFideId "1148486"]
[EventDate "2020.06.21"]

1. d4 Nf6 2. c4 e6 3. g3 d5 4. Nf3 dxc4 5. Bg2 c5 6. O-O Nc6 7. dxc5 Qxd1 8.
Rxd1 Bxc5 9. Nbd2 c3 10. bxc3 O-O 11. Nb3 Be7 12. Nfd4 Bd7 13. Nb5 Rfd8 14. Nd6
Be8 15. Bf4 e5 16. Nxe8 exf4 17. Nxf6+ Bxf6 18. Nc5 Bxc3 19. Rac1 Rxd1+ 20. Rxd1
Re8 21. Nxb7 Nd4 22. Nd6 Nxe2+ 23. Kf1 Re6 24. Nb5 Bb4 25. Rd8+ Bf8 26. Bf3 Nc1
27. Bd5 Re5 28. gxf4 Re7 29. Nd6 g6 30. Nxf7 Kg7 31. Ng5 Rc7 32. Ne6+ 1-0

[Event "Women's Speed Chess Q4"]
[Site "chess.com INT"]
[Date "2020.06.21"]
[Round "7"]
[White "Kairbekova, Amina"]
[Black "Milliet, Sophie"]
[Result "0-1"]
[WhiteTitle "WFM"]
[BlackTitle "IM"]
[WhiteElo "2065"]
[BlackElo "2401"]
[WhiteFideId "13712799"]
[BlackFideId "623725"]
[EventDate "2020.06.21"]

1. e4 c5 2. Nc3 Nc6 3. Bb5 Nd4 4. Nf3 a6 5. Bd3 g6 6. Nxd4 cxd4 7. Ne2 Bg7 8.
O-O d5 9. f3 e6 10. b3 Ne7 11. Bb2 Nc6 12. c3 O-O 13. Qc2 b5 14. Rad1 Bb7 15.
Kh1 Rc8 16. Qb1 f5 17. Bc2 dxe4 18. fxe4 Qd7 19. b4 Rcd8 20. Bb3 d3 21. Nf4 Rfe8
22. exf5 gxf5 23. Rde1 Ne5 24. c4 Nxc4 25. Bxg7 Qxg7 26. Rf2 e5 27. Nxd3 Kh8 28.
Nc5 Rxd2 29. Ree2 Rxe2 30. Rxe2 Bd5 31. Qd3 Rd8 32. Bxc4 bxc4 33. Qe3 f4 34.
Qxe5 Bxg2+ 35. Kg1 Rd1+ 36. Kf2 Rf1# 0-1

[Event "Women's Speed Chess Q4"]
[Site "chess.com INT"]
[Date "2020.06.21"]
[Round "7"]
[White "Narva, Mai"]
[Black "Sihite, Chelsie Monica Ignesias"]
[Result "0-1"]
[WhiteTitle "WIM"]
[BlackTitle "WIM"]
[WhiteElo "2333"]
[BlackElo "2252"]
[WhiteFideId "4500512"]
[BlackFideId "7101198"]
[EventDate "2020.06.21"]

1. e4 b6 2. Nc3 Bb7 3. d4 g6 4. f4 Bg7 5. Nf3 d6 6. Bd3 Nd7 7. O-O e6 8. f5 e5
9. fxg6 hxg6 10. d5 Bh6 11. Bxh6 Nxh6 12. Qd2 Qe7 13. Nb5 Nc5 14. b4 Nxd3 15.
cxd3 a6 16. Nc3 Kf8 17. d4 Kg7 18. dxe5 dxe5 19. b5 axb5 20. Nxb5 Qc5+ 21. Qf2
Qxb5 22. Nxe5 Qc5 23. Qxc5 bxc5 24. Rfc1 Rhe8 25. Nd7 Rxe4 26. Nxc5 Rb4 27. a3
Rb5 28. a4 Rb4 29. Nd3 Rbxa4 30. Rxa4 Rxa4 31. Rxc7 Bxd5 32. Rd7 Ra1+ 33. Kf2
Ra2+ 34. Ke3 Nf5+ 35. Kf4 Ra4+ 36. Kg5 Be6 37. Rc7 Ne7 38. Nf4 Ra5+ 39. Kh4 g5+
40. Kg3 gxf4+ 41. Kf3 Nd5 0-1

[Event "Women's Speed Chess Q4"]
[Site "chess.com INT"]
[Date "2020.06.21"]
[Round "7"]
[White "Petrova, Irina"]
[Black "Tarleva, Vira"]
[Result "1-0"]
[WhiteTitle "WIM"]
[BlackTitle "WFM"]
[WhiteElo "2087"]
[BlackElo "2030"]
[WhiteFideId "14124122"]
[BlackFideId "14116693"]
[EventDate "2020.06.21"]

1. d4 d5 2. Nc3 Nf6 3. Bg5 e6 4. e4 dxe4 5. Nxe4 Be7 6. Bxf6 Bxf6 7. Nf3 Nd7 8.
c3 O-O 9. Bd3 b6 10. Qc2 Bb7 11. h4 c5 12. Neg5 g6 13. Nxh7 Kxh7 14. h5 Kg7 15.
Bxg6 Rh8 16. Be4 Bxe4 17. Qxe4 cxd4 18. cxd4 Qc7 19. h6+ Kf8 20. Qxa8+ Ke7 21.
Qe4 b5 22. Kf1 Qc4+ 23. Kg1 Qd5 24. Qxd5 exd5 25. Rc1 Kd6 26. g4 Nb6 27. g5 Be7
28. h7 Nc4 29. b3 Nb6 30. Ne5 Ke6 31. Rc6+ 1-0

[Event "Women's Speed Chess Q4"]
[Site "chess.com INT"]
[Date "2020.06.21"]
[Round "7"]
[White "Zhukova, Natalia"]
[Black "Belenkaya, Dina"]
[Result "1-0"]
[WhiteTitle "GM"]
[BlackTitle "WGM"]
[WhiteElo "2328"]
[BlackElo "2297"]
[WhiteFideId "14101513"]
[BlackFideId "24142654"]
[EventDate "2020.06.21"]

1. c4 e5 2. Nc3 Nc6 3. Nf3 g6 4. d4 exd4 5. Nxd4 Bg7 6. Nxc6 bxc6 7. g3 Ne7 8.
Bg2 O-O 9. O-O d6 10. Bg5 Bd7 11. Qd2 Rb8 12. b3 Re8 13. Rad1 Qc8 14. Ne4 Bh3
15. Nf6+ Bxf6 16. Bxf6 Bxg2 17. Kxg2 Qf5 18. Ba1 f6 19. f3 d5 20. Qd4 Kf7 21. e4
Qe6 22. cxd5 cxd5 23. exd5 Qd6 24. g4 Rb4 25. Qd2 Rf4 26. Rfe1 h5 27. Re6 Qxd5
28. Rxe7+ Kxe7 29. Qxd5 1-0

[Event "Women's Speed Chess Q4"]
[Site "chess.com INT"]
[Date "2020.06.21"]
[Round "7"]
[White "Cholleti, Sahajasri"]
[Black "Socko, Monika"]
[Result "0-1"]
[WhiteTitle "WIM"]
[BlackTitle "GM"]
[WhiteElo "2235"]
[BlackElo "2428"]
[WhiteFideId "5045118"]
[BlackFideId "1106619"]
[EventDate "2020.06.21"]

1. d4 Nf6 2. Bf4 g6 3. Nc3 d5 4. e3 Bg7 5. h4 h5 6. Nf3 Bg4 7. Qd2 Nc6 8. Ng5
Qd7 9. f3 Bf5 10. O-O-O O-O 11. e4 dxe4 12. fxe4 Bg4 13. Be2 Rad8 14. d5 Nb4 15.
a3 Na6 16. e5 Bxe2 17. Qxe2 Ng4 18. e6 fxe6 19. Nxe6 Bxc3 20. bxc3 Qa4 21. Qd3
Rf6 22. Rhf1 Rxe6 23. dxe6 Rxd3 24. Rxd3 Qxa3+ 25. Kd2 Nc5 26. Rd8+ Kg7 27. Be3
Nxe6 28. Rd7 Nxe3 29. Kxe3 Qxc3+ 0-1

[Event "Women's Speed Chess Q4"]
[Site "chess.com INT"]
[Date "2020.06.21"]
[Round "7"]
[White "Goltseva, Ekaterina"]
[Black "Michelle Catherina, P"]
[Result "1-0"]
[WhiteTitle "FM"]
[BlackTitle "WIM"]
[WhiteElo "2306"]
[BlackElo "2176"]
[WhiteFideId "24173770"]
[BlackFideId "5005736"]
[EventDate "2020.06.21"]

1. d4 Nf6 2. c4 e6 3. g3 d5 4. Nf3 Bb4+ 5. Bd2 Bd6 6. Nc3 c6 7. Bg5 Nbd7 8. Bg2
h6 9. Bf4 Qe7 10. Bxd6 Qxd6 11. Nd2 O-O 12. O-O Qe7 13. e4 dxe4 14. Ndxe4 e5 15.
d5 cxd5 16. cxd5 Nxe4 17. Nxe4 f5 18. d6 Qe8 19. Nc3 e4 20. f3 Nf6 21. fxe4 fxe4
22. Nxe4 Nxe4 23. Qd5+ Be6 24. Qxe4 Qd7 25. Rad1 Rxf1+ 26. Bxf1 Rc8 27. Bb5 Qf7
28. Rf1 Bd5 29. Rxf7 Bxe4 30. d7 Rc1+ 31. Rf1 Rc2 32. d8=Q+ Kh7 33. Bd3 Rg2+ 34.
Kh1 Rd2+ 35. Bxe4+ 1-0

[Event "Women's Speed Chess Q4"]
[Site "chess.com INT"]
[Date "2020.06.21"]
[Round "7"]
[White "Daulyte-Cornette, Deimante"]
[Black "Martynyuk, Elizaveta"]
[Result "1-0"]
[WhiteTitle "IM"]
[BlackTitle "FM"]
[WhiteElo "2400"]
[BlackElo "2041"]
[WhiteFideId "12802859"]
[BlackFideId "24128511"]
[EventDate "2020.06.21"]

1. e4 c5 2. Nc3 Nc6 3. Bb5 Nd4 4. Nf3 Nxb5 5. Nxb5 d6 6. d4 a6 7. Nc3 cxd4 8.
Qxd4 Nf6 9. Bg5 e6 10. e5 dxe5 11. Qxd8+ Kxd8 12. Nxe5 Ke8 13. O-O-O Be7 14. Kb1
h6 15. Bf4 b5 16. a3 Bb7 17. f3 Nd5 18. Nxd5 Bxd5 19. Rhe1 g5 20. Bg3 h5 21.
Rxd5 exd5 22. Nc6 Kf8 23. Nxe7 Re8 24. Nxd5 Rxe1+ 25. Bxe1 Rh6 26. b3 Re6 27.
Bb4+ Kg7 28. c4 bxc4 29. bxc4 Rc6 30. c5 a5 31. Bc3+ Kf8 32. Bxa5 Ke8 33. Bb6 1-0

[Event "Women's Speed Chess Q4"]
[Site "chess.com INT"]
[Date "2020.06.21"]
[Round "7"]
[White "Zavivaeva, Evelina"]
[Black "Starosta, Martyna"]
[Result "0-1"]
[WhiteTitle "WCM"]
[BlackTitle "WCM"]
[WhiteElo "1619"]
[BlackElo "2079"]
[WhiteFideId "44127839"]
[BlackFideId "21818754"]
[EventDate "2020.06.21"]

1. e4 e5 2. Nf3 Nc6 3. Bc4 Nf6 4. d3 Be7 5. O-O O-O 6. Bg5 h6 7. Bh4 d6 8. Nbd2
Na5 9. Bb3 Nxb3 10. axb3 Nh5 11. Bxe7 Qxe7 12. Nc4 Nf4 13. Qd2 Bg4 14. Qe3 f5
15. exf5 Rxf5 16. Ncd2 Raf8 17. Nd4 R5f7 18. Rfe1 Qg5 19. N2f3 Bxf3 20. Qxf3
exd4 21. Qg3 a6 22. Qxg5 hxg5 23. f3 Nd5 24. Re4 Ne3 25. Rxd4 Nxc2 0-1

[Event "Women's Speed Chess Q4"]
[Site "chess.com INT"]
[Date "2020.06.21"]
[Round "7"]
[White "Hejazipour, Mitra"]
[Black "Bartel, Marta"]
[Result "1-0"]
[WhiteTitle "WGM"]
[BlackTitle "WGM"]
[WhiteElo "2300"]
[BlackElo "2192"]
[WhiteFideId "12505951"]
[BlackFideId "1123009"]
[EventDate "2020.06.21"]

1. Nf3 Nf6 2. c4 g6 3. g3 Bg7 4. Bg2 c6 5. Nc3 d5 6. cxd5 cxd5 7. d4 O-O 8. Ne5
Be6 9. O-O Nbd7 10. f4 Rc8 11. e3 Qa5 12. Bd2 Qb6 13. Qb3 Rfd8 14. Rfc1 Qxb3 15.
axb3 a6 16. b4 Nxe5 17. fxe5 Ne8 18. Na4 Rxc1+ 19. Rxc1 f6 20. Nc5 Bc8 21. exf6
Bxf6 22. b5 axb5 23. Ba5 Rd6 24. Ne4 dxe4 25. Rxc8 Kf7 26. Bxe4 Ng7 27. Bxb7 Nf5
28. Kf2 e5 29. d5 Ne7 30. Rc7 e4 31. Bb4 Be5 32. Bxd6 Bxd6 33. Rd7 1-0

[Event "Women's Speed Chess Q4"]
[Site "chess.com INT"]
[Date "2020.06.21"]
[Round "7"]
[White "Morris-Suzuki, Sophie"]
[Black "Kashlinskaya, Alina"]
[Result "0-1"]
[WhiteTitle "WFM"]
[BlackTitle "IM"]
[WhiteElo "2043"]
[BlackElo "2494"]
[WhiteFideId "30922615"]
[BlackFideId "4198026"]
[EventDate "2020.06.21"]

1. e4 e5 2. Nf3 Nf6 3. Bc4 Nc6 4. d3 Be7 5. O-O O-O 6. h3 d6 7. a4 a5 8. c3 Be6
9. Bb5 Na7 10. Nbd2 Nxb5 11. axb5 Qd7 12. Qa4 Nh5 13. Nc4 f5 14. Ng5 Bxg5 15.
Bxg5 f4 16. f3 h6 17. Bh4 Bxh3 18. Kf2 Be6 19. Rh1 Qf7 20. Ke2 g5 21. Bf2 Kg7
22. Rh2 g4 23. Rah1 Ng3+ 24. Bxg3 fxg3 25. Rxh6 gxf3+ 26. Kd1 fxg2 27. Rh7+ Kg6
28. R1h6+ Kg5 29. Rxf7 g1=Q+ 30. Kc2 Kxh6 31. Rxc7 Rf2+ 32. Kb3 Qd1+ 33. Ka3
Qa1+ 34. Kb3 Qxb2# 0-1

[Event "Women's Speed Chess Q4"]
[Site "chess.com INT"]
[Date "2020.06.21"]
[Round "7"]
[White "Berdychevskaya, Natasha"]
[Black "Chen, Yining"]
[Result "1/2-1/2"]
[WhiteTitle "WFM"]
[BlackTitle "WCM"]
[WhiteElo "2208"]
[BlackElo "1745"]
[WhiteFideId "4159322"]
[BlackFideId "8620946"]
[EventDate "2020.06.21"]

1. e4 e5 2. Nf3 Nc6 3. Bb5 a6 4. Ba4 Nf6 5. O-O b5 6. Bb3 Bc5 7. d3 h6 8. c3 d6
9. d4 Bb6 10. Re1 O-O 11. h3 Bb7 12. Nbd2 Qe7 13. d5 Na5 14. Bc2 c6 15. dxc6
Bxc6 16. Nf1 Rfe8 17. Ng3 Rad8 18. Nf5 Qe6 19. Bxh6 gxh6 20. Qd2 Nh7 21. Nxh6+
Kh8 22. Ng5 Nxg5 23. Qxg5 Qg6 24. Qh4 Qh7 25. Qf6+ Qg7 26. Nxf7+ Kg8 27. Qxg7+
Kxg7 28. Nxd8 Rxd8 29. Rad1 Nb7 30. b4 Rf8 31. Re2 a5 32. a3 a4 33. Rd3 Rf6 34.
Rg3+ Rg6 35. Rxg6+ Kxg6 36. Rd2 Bc7 37. g3 Nd8 38. Kg2 Ne6 39. f3 Nf8 40. h4 Nd7
41. Bb1 Nb6 42. Ba2 Be8 43. g4 Bf7 44. Bxf7+ Kxf7 45. g5 Kg6 46. Kg3 Nc4 47. Ra2
Bb6 48. Kg4 Ne3+ 49. Kg3 Nc4 50. Kg4 Ne3+ 51. Kg3 Nc4 1/2-1/2

[Event "Women's Speed Chess Q4"]
[Site "chess.com INT"]
[Date "2020.06.21"]
[Round "7"]
[White "Mamedjarova, Zeinab"]
[Black "Danielian, Elina"]
[Result "0-1"]
[WhiteTitle "WGM"]
[BlackTitle "GM"]
[WhiteElo "2274"]
[BlackElo "2407"]
[WhiteFideId "13401521"]
[BlackFideId "13300210"]
[EventDate "2020.06.21"]

1. d4 Nf6 2. c4 e6 3. Nf3 c5 4. e3 d5 5. Nc3 a6 6. Qc2 cxd4 7. Nxd4 Bb4 8. cxd5
Nxd5 9. Bd2 O-O 10. Bd3 h6 11. O-O Be7 12. a3 Nf6 13. Rfd1 Nbd7 14. b4 Ne5 15.
Be2 Bd7 16. Ne4 Rc8 17. Nxf6+ Bxf6 18. Qe4 Qb6 19. Rac1 Ba4 20. Re1 Rfd8 21. Bc3
Nc6 22. Bd3 Nxd4 23. Qh7+ Kf8 24. Bxd4 Rxc1 25. Rxc1 Bxd4 26. exd4 Qxd4 27. Rc7
Rd7 28. Rc8+ Ke7 29. Bf1 Qa1 30. h4 Bb5 31. Qg8 Bxf1 32. Qe8+ Kf6 33. Kh2 Qe5+
34. g3 Qd5 0-1

[Event "Women's Speed Chess Q4"]
[Site "chess.com INT"]
[Date "2020.06.21"]
[Round "7"]
[White "Papp, Petra"]
[Black "Potapova, Margarita"]
[Result "0-1"]
[WhiteTitle "WGM"]
[BlackTitle "WIM"]
[WhiteElo "2338"]
[BlackElo "2270"]
[WhiteFideId "739049"]
[BlackFideId "14126869"]
[EventDate "2020.06.21"]

1. e4 c5 2. Nf3 d6 3. d4 cxd4 4. Nxd4 Nf6 5. Nc3 a6 6. Be3 e5 7. Nb3 Be6 8. f3
Be7 9. Qd2 O-O 10. O-O-O Nbd7 11. g4 b5 12. g5 b4 13. Ne2 Ne8 14. f4 a5 15. f5
Bxb3 16. cxb3 a4 17. Kb1 axb3 18. Nc1 Kh8 19. Rg1 Qa5 20. Bc4 bxa2+ 21. Ka1 Nb6
22. Bb3 Qb5 23. g6 Nc4 24. Qd3 d5 25. exd5 Ned6 26. Rg2 e4 27. Qe2 Nxe3 28. Qxe3
Bf6 29. Qh3 h6 30. gxf7 Nc4 31. Rdg1 Nxb2 32. Qxh6+ gxh6 33. Rg8+ Rxg8 34.
fxg8=Q+ Rxg8 35. Rxg8+ Kxg8 36. d6+ Kh7 37. Kxa2 Qa5+ 38. Kb1 Nd3 39. d7 Qa1+
40. Kc2 Qxc1# 0-1

[Event "Women's Speed Chess Q4"]
[Site "chess.com INT"]
[Date "2020.06.21"]
[Round "7"]
[White "Javakhishvili, Lela"]
[Black "Foisor, Sabina-Francesca"]
[Result "1-0"]
[WhiteTitle "IM"]
[BlackTitle "WGM"]
[WhiteElo "2475"]
[BlackElo "2228"]
[WhiteFideId "13601458"]
[BlackFideId "1212915"]
[EventDate "2020.06.21"]

1. c4 e6 2. Nf3 d5 3. d4 Nf6 4. Nc3 Be7 5. Bg5 O-O 6. e3 b6 7. Rc1 Bb7 8. Bd3
Nbd7 9. cxd5 exd5 10. O-O Re8 11. h3 Ne4 12. Bf4 Bd6 13. Bxd6 Nxd6 14. Nb5 Nxb5
15. Bxb5 Re6 16. Qc2 c6 17. Bd3 h6 18. b4 Qe7 19. Qb3 Nf6 20. Ne5 Re8 21. Rc3
Ne4 22. Bxe4 dxe4 23. Rfc1 Qg5 24. Nxc6 Rg6 25. g3 h5 26. Ne5 Rf6 27. Rc7 Qf5
28. R1c2 Bc8 29. g4 hxg4 30. hxg4 Qg5 31. Rxc8 Rxc8 32. Rxc8+ Kh7 33. Qc2 Rh6
34. Qxe4+ g6 35. Qf3 Qh4 36. Qxf7# 1-0

[Event "Women's Speed Chess Q4"]
[Site "chess.com INT"]
[Date "2020.06.21"]
[Round "7"]
[White "Ilyuchyk, Yana"]
[Black "Batsiashvili, Nino"]
[Result "1-0"]
[WhiteTitle "WFM"]
[BlackTitle "GM"]
[WhiteElo "2119"]
[BlackElo "2457"]
[WhiteFideId "13508407"]
[BlackFideId "13602993"]
[EventDate "2020.06.21"]

1. e4 e5 2. Nf3 Nc6 3. Nc3 Nf6 4. d4 exd4 5. Nxd4 Bb4 6. Nxc6 bxc6 7. Bd3 O-O 8.
O-O d5 9. exd5 cxd5 10. h3 c6 11. Qf3 Rb8 12. Bf4 Bd6 13. b3 Bxf4 14. Qxf4 Be6
15. Ne2 c5 16. Rad1 Qa5 17. Ng3 c4 18. Bf5 Qxa2 19. Ra1 Qb2 20. bxc4 Qb6 21.
Rfe1 d4 22. Bxe6 fxe6 23. Qe5 Rfe8 24. c5 Qb7 25. Qxd4 Rbd8 26. Qc4 Nd5 27. c6
Qc7 28. Rab1 Rc8 29. Qg4 Nf6 30. Qd4 Qxc6 31. Qxa7 Rc7 32. Qb6 Qxc2 33. Rxe6
Qxb1+ 34. Qxb1 Rxe6 35. Qb3 Re7 36. Nf5 Re8 37. Nd4 Kf7 38. f4 g6 39. g4 Nd7 40.
f5 gxf5 41. gxf5 Nc5 42. Qd5 1-0

[Event "Women's Speed Chess Q4"]
[Site "chess.com INT"]
[Date "2020.06.21"]
[Round "7"]
[White "Nandhidhaa, P V"]
[Black "Babiy, Olga"]
[Result "0-1"]
[WhiteTitle "WGM"]
[BlackTitle "WGM"]
[WhiteElo "2365"]
[BlackElo "2228"]
[WhiteFideId "5050847"]
[BlackFideId "14117258"]
[EventDate "2020.06.21"]

1. e4 c6 2. Nc3 d5 3. Nf3 dxe4 4. Nxe4 Nf6 5. Qe2 Nxe4 6. Qxe4 Qd5 7. Qh4 Bf5 8.
Bc4 Qc5 9. d3 e6 10. O-O Be7 11. Qg3 O-O 12. Be3 Qd6 13. Bf4 Qd8 14. Bc7 Qc8 15.
Be5 Bg6 16. Bc3 Nd7 17. Nh4 b5 18. Nxg6 hxg6 19. Bb3 c5 20. a4 a6 21. axb5 axb5
22. Rfe1 Rxa1 23. Rxa1 b4 24. Bd2 Bf6 25. c3 bxc3 26. bxc3 Qb7 27. Bc4 Ne5 28.
Re1 Qb2 29. Qe3 Nxc4 30. dxc4 Rd8 31. Bc1 Qxc3 32. Qxc3 Bxc3 33. Rf1 Bd4 34. g3
Ra8 35. Bf4 Ra2 36. Be3 Rc2 0-1

[Event "Women's Speed Chess Q4"]
[Site "chess.com INT"]
[Date "2020.06.21"]
[Round "7"]
[White "Cyfka, Karina"]
[Black "Vaishali, R"]
[Result "1/2-1/2"]
[WhiteTitle "IM"]
[BlackTitle "WGM"]
[WhiteElo "2411"]
[BlackElo "2393"]
[WhiteFideId "1122681"]
[BlackFideId "5091756"]
[EventDate "2020.06.21"]

1. d4 Nf6 2. c4 g6 3. Nc3 d5 4. Qb3 dxc4 5. Qxc4 Be6 6. Qd3 c5 7. Nf3 Bg7 8. e4
cxd4 9. Nxd4 Nc6 10. Nxe6 fxe6 11. Qxd8+ Rxd8 12. Bb5 a6 13. Bxc6+ bxc6 14. f3
Nd7 15. Be3 Ne5 16. Ke2 Nc4 17. Bc1 Rb8 18. Na4 Kf7 19. Rb1 Na3 20. Bf4 Rb4 21.
bxa3 Rxa4 22. Rb3 c5 23. Rc1 Rc8 24. Rc2 Rc6 25. Bc1 c4 26. Rb4 Rxb4 27. axb4
Be5 28. f4 Bd4 29. Be3 e5 30. g3 Ke6 31. a3 h5 32. Rd2 Bc3 33. Rc2 Bd4 34. Rd2
Rd6 35. Rc2 c3 36. Kd3 Bb6+ 37. Ke2 Bd4 38. Kd3 Ba7+ 39. Ke2 Bd4 1/2-1/2